Projekt matematika VŠEM – lineární algebra
História lineárnej algebry a aplikovanej matematiky. Základné aspekty vývoja lineárnej algebry v teórii aritmetických vektorov, matíc, sústav lineárnych rovníc, maticovej algebry, determinantov, lineárnych, bilineárnych a kvadratických foriem.
Salvato in:
| Autore principale: | |
|---|---|
| Altri autori: | , |
| Natura: | Capitolo di libro |
| Lingua: | ceco |
| Soggetti: | |
| Tags: |
Nessun Tag, puoi essere il primo ad aggiungerne!!
|
MARC
| LEADER | 00000naa a2200000 4500 | ||
|---|---|---|---|
| 001 | 0227584 | ||
| 005 | 20231108102827.4 | ||
| 041 | 0 | |a cze | |
| 044 | |a CZ | ||
| 245 | 1 | 0 | |a Projekt matematika VŠEM – lineární algebra |c Jan Coufal, Julie Šmejkalová, Jiří Tobíšek |
| 520 | |a História lineárnej algebry a aplikovanej matematiky. Základné aspekty vývoja lineárnej algebry v teórii aritmetických vektorov, matíc, sústav lineárnych rovníc, maticovej algebry, determinantov, lineárnych, bilineárnych a kvadratických foriem. | ||
| 610 | 2 | 0 | |a história |
| 610 | 2 | 0 | |a algoritmy |
| 610 | 2 | 0 | |a matematika |
| 610 | 2 | 0 | |a logika matematická |
| 610 | 2 | 0 | |a matice |
| 610 | 2 | 0 | |a metódy matematické |
| 610 | 2 | 0 | |a vzorce |
| 610 | 2 | 0 | |a rovnice lineárne |
| 100 | 1 | |a Coufal, Jan | |
| 700 | 1 | |a Šmejkalová, Julie | |
| 700 | 1 | |a Tobíšek, Jiří | |